000
nam a22 7a 4500
999
_c
45155
_d
45155
003
OSt
005
20190403130235.0
008
190403b xxu||||| |||| 00| 0 eng d
040
_c
sero soft
100
_a
Jain,S.K
245
_a
Samajik Paryavaran Adyan
260
_a
Jaipur
_b
Agarsen
300
_a
208
942
_2
ddc
_c
02